[Event "Sitges op 44th"]
[Site "Sitges"]
[Date "2018.07.25"]
[Round "5"]
[White "Kyrkjebo, Erlend"]
[Black "Larsson, Anders"]
[Result "1/2-1/2"]
[WhiteElo "2099"]
[BlackElo "2225"]
[PlyCount "48"]
[EventDate "2018.07.22"]
[EventType "swiss"]
[EventRounds "9"]
[EventCountry "ESP"]
[SourceTitle "CBM 185 Extra"]
[Source "ChessBase"]
[SourceDate "2018.07.29"]
[SourceVersion "1"]
[SourceVersionDate "2018.07.29"]
[SourceQuality "1"]

1. e4 e5 2. Nc3 d6 3. Bc4 Nf6 4. d3 Be6 5. Nf3 Be7 6. 0-0 0-0 7. h3 Nc6 8. Qe2 Nd7 9. Nd5 Nb6 10. Nxe7+ Qxe7 11. Bxe6 Qxe6 12. Be3 f5 13. exf5 Rxf5 14. c4 Re8 15. Ng5 Qg6 16. Ne4 d5 17. Ng3 Rf7 18. Bxb6 axb6 19. cxd5 Nb4 20. Qe4 Nxd3 21. d6 cxd6 22. Qxg6 hxg6 23. Rad1 Nxb2 24. Rxd6 Rf6 1/2-1/2

[Event "Alesund Grand Prix A"]
[Site "Alesund"]
[Date "2018.04.07"]
[Round "3"]
[White "Kyrkjebo, Erlend"]
[Black "Juksta, Karolis"]
[Result "0-1"]
[WhiteElo "2121"]
[BlackElo "2123"]
[PlyCount "64"]
[EventDate "2018.04.07"]
[EventType "swiss"]
[EventRounds "6"]
[EventCountry "NOR"]
[SourceTitle "EXT 2024"]
[Source "ChessBase"]
[SourceDate "2023.10.10"]
[SourceVersion "1"]
[SourceVersionDate "2023.10.10"]
[SourceQuality "1"]

1. e4 e6 2. d4 d5 3. Nd2 c5 4. exd5 exd5 5. Ngf3 a6 6. dxc5 Bxc5 7. Nb3 Bb6 8. Bg5 Nf6 9. Qe2+ Be6 10. Nfd4 Qe7 11. 0-0-0 Nc6 12. Nxc6 bxc6 13. Nd4 Bxd4 14. Rxd4 h6 15. Bh4 g5 16. Qe5 gxh4 17. Rf4 Bd7 18. Qc3 d4 19. Rxd4 0-0 20. g3 h3 21. Qd2 Kg7 22. g4 c5 23. Rd3 Qe5 24. Rxh3 Qg5 25. Re3 Bc6 26. h4 Qf4 27. Rg1 Rad8 28. Bd3 Ne4 29. Qe1 Nxf2 30. Rf1 Rfe8 31. Qc3+ Kg8 32. Be4 Rxe4 0-1

[Event "Alesund Grand Prix A"]
[Site "Alesund"]
[Date "2018.04.07"]
[Round "4"]
[White "Rasdal, Yngve"]
[Black "Kyrkjebo, Erlend"]
[Result "1/2-1/2"]
[WhiteElo "1866"]
[BlackElo "2121"]
[PlyCount "79"]
[EventDate "2018.04.07"]
[EventType "swiss"]
[EventRounds "6"]
[EventCountry "NOR"]
[SourceTitle "EXT 2024"]
[Source "ChessBase"]
[SourceDate "2023.10.10"]
[SourceVersion "1"]
[SourceVersionDate "2023.10.10"]
[SourceQuality "1"]

1. d4 Nf6 2. c4 e6 3. Nf3 b6 4. g3 Ba6 5. b3 Bb4+ 6. Bd2 Be7 7. Bg2 0-0 8. Nc3 Bb7 9. Qc2 d5 10. cxd5 Nxd5 11. Nxd5 Bxd5 12. 0-0 Nd7 13. Bc3 Nf6 14. Bb2 Rc8 15. e3 c5 16. dxc5 Rxc5 17. Qe2 Qc8 18. Rac1 Bb7 19. Rxc5 Qxc5 20. Rc1 Qa5 21. Rc7 Ba6 22. Qc2 Nd5 23. Rxa7 Qxa2 24. e4 Nb4 25. Qc3 Qb1+ 26. Ne1 f6 27. Rxe7 Nc2 28. Bf1 Nxe1 29. Bxa6 Nf3+ 30. Kg2 Ne1+ 31. Kh3 Qxe4 32. Bb7 Qf5+ 33. g4 Qxf2 34. Qg3 Qf1+ 35. Bg2 Nxg2 36. Qxg2 Qd3+ 37. Qg3 Qf1+ 38. Qg2 Qd3+ 39. Qg3 Qf1+ 40. Kh4 1/2-1/2

[Event "NOR-chT 1718"]
[Site "Norway"]
[Date "2018.03.04"]
[Round "9.4"]
[White "Haug, Johannes"]
[Black "Kyrkjebo, Erlend"]
[Result "1-0"]
[WhiteElo "2363"]
[BlackElo "2146"]
[PlyCount "121"]
[EventDate "2017.11.03"]
[EventType "team-tourn"]
[EventRounds "9"]
[EventCountry "NOR"]
[SourceTitle "EXT 2019"]
[Source "ChessBase"]
[SourceDate "2018.10.10"]
[SourceVersion "1"]
[SourceVersionDate "2018.10.10"]
[SourceQuality "1"]
[WhiteTeam "Nordstrand"]
[BlackTeam "Stavanger"]
[WhiteTeamCountry "NOR"]
[BlackTeamCountry "NOR"]

1. d4 Nf6 2. c4 e6 3. Nf3 b6 4. g3 Ba6 5. Nbd2 Be7 6. Bg2 Bb7 7. 0-0 0-0 8. Re1 d5 9. Ne5 c5 10. cxd5 Bxd5 11. e4 Bb7 12. dxc5 Bxc5 13. Qf3 Bd4 14. Nd3 e5 15. Nb3 Nc6 16. Be3 Na5 17. Nxa5 Bxe4 18. Qxe4 Nxe4 19. Nc6 Qd6 20. Bxd4 exd4 21. Bxe4 Kh8 22. Bf3 a5 23. Rac1 Rac8 24. Rc4 Qf6 25. Nde5 d3 26. Rf4 d2 27. Rd1 Qe6 28. Rxd2 Rxc6 29. Nxf7+ Kg8 30. Nh6+ Qxh6 31. Bd5+ Re6 32. Re2 Rfe8 33. Rfe4 Kh8 34. Rxe6 Rxe6 35. Rxe6 Qc1+ 36. Kg2 g6 37. Rxb6 Qc5 38. Rb8+ Kg7 39. Rb7+ Kf6 40. Bf3 h6 41. a3 a4 42. Rb4 Qa5 43. Bc6 Qc5 44. Bxa4 Qd5+ 45. Kg1 Qc5 46. Bb5 h5 47. Bf1 g5 48. Rb5 Qd4 49. b3 h4 50. a4 g4 51. a5 h3 52. b4 Ke6 53. a6 Qe4 54. a7 Qa8 55. Ra5 Kd6 56. b5 Kc7 57. Ra6 Kd7 58. b6 Kc6 59. Bd3 Kc5 60. b7 Qxb7 61. a8Q 1-0

[Event "Oslo op"]
[Site "Fornebu"]
[Date "2017.10.02"]
[Round "5"]
[White "Kyrkjebo, Erlend"]
[Black "Stark, Lars"]
[Result "1-0"]
[WhiteElo "2122"]
[BlackElo "2397"]
[PlyCount "113"]
[EventDate "2017.09.29"]
[EventType "swiss"]
[EventRounds "10"]
[EventCountry "NOR"]
[SourceTitle "CBM 181 Extra"]
[Source "ChessBase"]
[SourceDate "2017.12.12"]
[SourceVersion "1"]
[SourceVersionDate "2017.12.12"]
[SourceQuality "1"]

1. e4 e6 2. d4 d5 3. Nd2 Nc6 4. Ngf3 Nf6 5. e5 Nd7 6. c3 f6 7. exf6 Qxf6 8. Be2 e5 9. dxe5 Ncxe5 10. 0-0 c6 11. Nd4 Bc5 12. f4 Nf7 13. N2f3 0-0 14. Kh1 Re8 15. Bd3 Nf8 16. Qc2 Nd6 17. Ne5 Bxd4 18. cxd4 Bf5 19. g4 Be4+ 20. Bxe4 Nxe4 21. f5 Rad8 22. g5 Nxg5 23. Bxg5 Qxg5 24. f6 Rxe5 25. dxe5 Qxe5 26. Rae1 Qd6 27. f7+ Kh8 28. Re8 d4 29. Qd3 c5 30. Qg3 Qc6+ 31. Qf3 Qd7 32. Rfe1 h6 33. R1e7 Qd6 34. Re6 Qd7 35. Qf5 d3 36. Rxf8+ Rxf8 37. Rxh6+ gxh6 38. Qxd7 Kg7 39. Qxd3 Rxf7 40. Qc3+ Rf6 41. Qxc5 a6 42. Qe5 b6 43. Kg2 b5 44. b3 Kf7 45. a4 bxa4 46. bxa4 Kg6 47. Qe8+ Kg7 48. h4 Rf7 49. h5 Rf6 50. a5 Rf7 51. Qe5+ Rf6 52. Qb2 Kf7 53. Qb7+ Kf8 54. Qd7 Kg8 55. Qe7 Rf7 56. Qe6 Kh8 57. Qxh6+ 1-0

[Event "Barcelona Sant Marti op-A 19th"]
[Site "Barcelona"]
[Date "2017.07.21"]
[Round "9.37"]
[White "Capellades Subirana, Marc"]
[Black "Kyrkjebo, Erlend"]
[Result "1/2-1/2"]
[WhiteElo "2237"]
[BlackElo "2085"]
[PlyCount "62"]
[EventDate "2017.07.13"]
[EventType "swiss"]
[EventRounds "9"]
[EventCountry "ESP"]
[SourceTitle "EXT 2018"]
[Source "ChessBase"]
[SourceDate "2017.10.13"]
[SourceVersion "1"]
[SourceVersionDate "2017.10.13"]
[SourceQuality "1"]

1. e4 c5 2. Nf3 d6 3. d4 cxd4 4. Nxd4 Nf6 5. Nc3 g6 6. Be3 Bg7 7. Be2 0-0 8. 0-0 Nc6 9. h3 d5 10. Bf3 Nxd4 11. Bxd4 dxe4 12. Nxe4 Nxe4 13. Bxg7 Kxg7 14. Qxd8 Rxd8 15. Bxe4 e5 16. Rfd1 Be6 17. b3 Rxd1+ 18. Rxd1 Rc8 19. c4 b6 20. Kf1 Kf6 21. Ke2 Ke7 22. Bd5 Rd8 23. Bxe6 Rxd1 24. Kxd1 Kxe6 25. Kd2 f5 26. Kd3 Kd6 27. b4 Kc6 28. a3 Kd6 29. Ke3 Kc6 30. Kf3 Kd6 31. Ke3 Kc6 1/2-1/2

[Event "NOR-chT 1617"]
[Site "Norway"]
[Date "2017.03.05"]
[Round "9.4"]
[White "Tari, Aryan"]
[Black "Kyrkjebo, Erlend"]
[Result "1-0"]
[WhiteElo "2570"]
[BlackElo "2098"]
[PlyCount "75"]
[EventDate "2016.10.28"]
[EventType "team-tourn"]
[EventRounds "9"]
[EventCountry "NOR"]
[SourceTitle "EXT 2018"]
[Source "ChessBase"]
[SourceDate "2017.10.13"]
[SourceVersion "1"]
[SourceVersionDate "2017.10.13"]
[SourceQuality "1"]
[WhiteTeam "Valerenga"]
[BlackTeam "Stavanger"]
[WhiteTeamCountry "NOR"]
[BlackTeamCountry "NOR"]

1. e4 c5 2. Nf3 d6 3. d4 cxd4 4. Nxd4 Nf6 5. Nc3 g6 6. Be3 Bg7 7. f3 0-0 8. Qd2 Nc6 9. 0-0-0 d5 10. Qe1 e5 11. Nxc6 bxc6 12. exd5 Nxd5 13. Bc4 Be6 14. Kb1 a5 15. Ne4 Rb8 16. Bb3 Qc7 17. Bc5 Rfd8 18. g4 Rb7 19. Ba3 Ra7 20. Nc5 Bc8 21. Qe4 f5 22. Qa4 Bf8 23. Rd2 Qb6 24. Qc4 Ba6 25. Qc3 Kh8 26. Bxd5 cxd5 27. Qxe5+ Bg7 28. Qe6 Qb5 29. Rxd5 Re8 30. Nxa6 Rxa6 31. Qxg6 Qxb2+ 32. Bxb2 hxg6 33. Bxg7+ Kxg7 34. gxf5 Re2 35. Rg1 Rxh2 36. Rxg6+ Rxg6 37. fxg6 Kxg6 38. Rxa5 1-0

[Event "NOR-chT 1617"]
[Site "Norway"]
[Date "2017.03.03"]
[Round "7.4"]
[White "Kyrkjebo, Erlend"]
[Black "Mihajlov, Sebastian"]
[Result "1/2-1/2"]
[WhiteElo "2098"]
[BlackElo "2372"]
[PlyCount "74"]
[EventDate "2016.10.28"]
[EventType "team-tourn"]
[EventRounds "9"]
[EventCountry "NOR"]
[SourceTitle "EXT 2018"]
[Source "ChessBase"]
[SourceDate "2017.10.13"]
[SourceVersion "1"]
[SourceVersionDate "2017.10.13"]
[SourceQuality "1"]
[WhiteTeam "Stavanger"]
[BlackTeam "OSS"]
[WhiteTeamCountry "NOR"]
[BlackTeamCountry "NOR"]

1. e4 e6 2. d4 d5 3. Nd2 a6 4. Ngf3 c5 5. dxc5 Bxc5 6. Bd3 Nf6 7. 0-0 Nc6 8. exd5 Nxd5 9. Ne4 Be7 10. c4 Ndb4 11. Bb1 f5 12. Nc3 Qxd1 13. Rxd1 Na5 14. b3 Bf6 15. Bb2 Bd7 16. a3 Nbc6 17. Ba2 b5 18. cxb5 axb5 19. b4 Nc4 20. Bxc4 bxc4 21. Rd2 Ke7 22. b5 Na5 23. Re1 Nb3 24. Rde2 Rhb8 25. Nd5+ Kf7 26. Bxf6 gxf6 27. Nc7 Rxa3 28. Nxe6 Re8 29. Nc7 Rxe2 30. Rxe2 Nd4 31. Re1 Nxf3+ 32. gxf3 Ra7 33. b6 Rb7 34. Rc1 Rxb6 35. Rxc4 Bc6 36. Kg2 Bb7 37. Rd4 Rc6 1/2-1/2

[Event "Crawley e2e4 Gatwick Whitsun op"]
[Site "Crawley"]
[Date "2016.05.30"]
[Round "6"]
[White "Rocco, Federico"]
[Black "Kyrkjebo, Erlend"]
[Result "1-0"]
[WhiteElo "1914"]
[BlackElo "2145"]
[PlyCount "119"]
[EventDate "2016.05.27"]
[EventType "swiss"]
[EventRounds "7"]
[EventCountry "ENG"]
[SourceTitle "EXT 2017"]
[Source "ChessBase"]
[SourceDate "2016.10.25"]
[SourceVersion "1"]
[SourceVersionDate "2016.10.25"]
[SourceQuality "1"]

1. Nf3 c5 2. g3 Nc6 3. Bg2 g6 4. 0-0 Bg7 5. d3 e6 6. Nbd2 d5 7. e4 Nge7 8. Re1 0-0 9. Nf1 dxe4 10. dxe4 b6 11. c3 Ba6 12. Qa4 Na5 13. Bf4 b5 14. Qa3 Qb6 15. Be3 Rac8 16. Rac1 Nc4 17. Qb3 Nxe3 18. Nxe3 Bb7 19. Ng4 Rcd8 20. Rcd1 c4 21. Qc2 h5 22. Ne3 Bh6 23. Nf1 a6 24. N1d2 Nc6 25. e5 Bg7 26. Re2 Qc7 27. Rde1 Rd5 28. Qe4 Bxe5 29. Nxe5 Rxe5 30. Qh4 Rxe2 31. Rxe2 Qd8 32. Qf4 Qd3 33. Bf1 Qf5 34. Qd6 Qd5 35. Qf4 Nd4 36. Re4 Nf3+ 37. Qxf3 Qxd2 38. Re2 Qd7 39. Qe3 Qc6 40. f4 Rd8 41. Kf2 Rd3 42. Qe5 Qd7 43. Re3 Rd2+ 44. Re2 Rxe2+ 45. Bxe2 Qc6 46. Ke3 Kh7 47. Qf6 Qd7 48. Qd4 Qd5 49. Qxd5 Bxd5 50. Kd4 a5 51. Kc5 b4 52. cxb4 axb4 53. Bxc4 Ba8 54. Kxb4 Kg7 55. Kc5 Kf6 56. Kd6 h4 57. Bd3 hxg3 58. hxg3 g5 59. b4 gxf4 60. gxf4 1-0

[Event "Alesund Grand Prix"]
[Site "Alesund"]
[Date "2016.04.03"]
[Round "6"]
[White "Kyrkjebo, Erlend"]
[Black "Gonzalez, Rafael Tirado"]
[Result "1/2-1/2"]
[WhiteElo "2149"]
[BlackElo "2040"]
[PlyCount "30"]
[EventDate "2016.04.02"]
[EventType "swiss"]
[EventRounds "6"]
[EventCountry "NOR"]
[SourceTitle "EXT 2024"]
[Source "ChessBase"]
[SourceDate "2023.10.10"]
[SourceVersion "1"]
[SourceVersionDate "2023.10.10"]
[SourceQuality "1"]

1. e4 c5 2. Nf3 d6 3. d4 cxd4 4. Nxd4 Nf6 5. Nc3 a6 6. Bg5 e6 7. f4 Be7 8. Qf3 Qc7 9. 0-0-0 Nbd7 10. Bd3 b5 11. Rhe1 Bb7 12. Kb1 Qb6 13. Qe3 Ng4 14. Qg3 Bxg5 15. Qxg4 Bf6 1/2-1/2

[Event "NOR-chB"]
[Site "Oslo"]
[Date "2015.07.04"]
[Round "7"]
[White "Moen, Ole Christian"]
[Black "Kyrkjebo, Erlend"]
[Result "0-1"]
[WhiteElo "2200"]
[BlackElo "2051"]
[PlyCount "74"]
[EventDate "2015.07.04"]
[EventType "swiss"]
[EventRounds "9"]
[EventCountry "NOR"]
[SourceTitle "EXT 2017"]
[Source "ChessBase"]
[SourceDate "2016.10.25"]
[SourceVersion "1"]
[SourceVersionDate "2016.10.25"]
[SourceQuality "1"]

1. Nf3 c5 2. g3 Nc6 3. Bg2 g6 4. d4 cxd4 5. Nxd4 Bg7 6. Nxc6 bxc6 7. 0-0 Rb8 8. Nd2 c5 9. Nc4 Ba6 10. Qd3 Qc8 11. Qe4 Kf8 12. c3 Bb7 13. Qd3 Bxg2 14. Kxg2 Qc6+ 15. e4 Nf6 16. Re1 h5 17. Bg5 Ng4 18. Bf4 d6 19. Rad1 h4 20. gxh4 Ne5 21. Bxe5 Bxe5 22. Nxe5 dxe5 23. Qg3 Qf6 24. b3 c4 25. b4 Rxh4 26. Rd5 Rh5 27. h4 Kg7 28. Rh1 Rbh8 29. a4 Qe6 30. Ra5 f6 31. Rxa7 g5 32. Qh3 g4 33. Qg3 f5 34. exf5 Qd5+ 35. f3 Qd2+ 36. Qf2 gxf3+ 37. Kxf3 Rxf5+ 0-1

[Event "Copenhagen Challenge"]
[Site "Ballerup"]
[Date "2015.05.02"]
[Round "7"]
[White "Ranaldi, Lucas"]
[Black "Kyrkjebo, Erlend"]
[Result "0-1"]
[WhiteElo "2014"]
[BlackElo "2066"]
[PlyCount "64"]
[EventDate "2015.04.29"]
[EventType "swiss"]
[EventRounds "9"]
[EventCountry "DEN"]
[SourceTitle "CBM 166 Extra"]
[Source "ChessBase"]
[SourceDate "2015.06.18"]
[SourceVersion "1"]
[SourceVersionDate "2015.06.18"]
[SourceQuality "1"]

1. d4 Nf6 2. Bg5 g6 3. Bxf6 exf6 4. e3 d5 5. g3 c6 6. Bg2 h5 7. Ne2 Bd6 8. b3 Be6 9. Qd3 Qa5+ 10. c3 Bf5 11. e4 Bxe4 12. Bxe4 dxe4 13. Qxe4+ Kf8 14. Nd2 Nd7 15. Nc4 Qc7 16. Nxd6 Qxd6 17. 0-0 Kg7 18. Rad1 f5 19. Qd3 Rad8 20. c4 Rhe8 21. Qc2 Nf6 22. Nc3 h4 23. Rd3 hxg3 24. hxg3 Ng4 25. Ne2 g5 26. Kg2 Rh8 27. Rdd1 Rh2+ 28. Kg1 Qh6 29. Qxf5 Rh1+ 30. Kg2 Qh3+ 31. Kf3 Nh2+ 32. Ke4 Re8+ 0-1

[Event "NOR-chT 1415"]
[Site "Norway"]
[Date "2015.02.07"]
[Round "7.4"]
[White "Kyrkjebo, Erlend"]
[Black "Gunnesdal, Lars"]
[Result "1/2-1/2"]
[WhiteElo "2061"]
[BlackElo "2129"]
[PlyCount "37"]
[EventDate "2014.10.31"]
[EventType "team-tourn"]
[EventRounds "11"]
[EventCountry "NOR"]
[SourceTitle "EXT 2016"]
[Source "ChessBase"]
[SourceDate "2015.10.08"]
[SourceVersion "1"]
[SourceVersionDate "2015.10.08"]
[SourceQuality "1"]
[WhiteTeam "Stavanger"]
[BlackTeam "Asker"]
[WhiteTeamCountry "NOR"]
[BlackTeamCountry "NOR"]

1. e4 c5 2. Nf3 Nc6 3. Bb5 g6 4. Bxc6 dxc6 5. d3 Bg7 6. 0-0 Qc7 7. h3 e5 8. Be3 b6 9. Nbd2 Ne7 10. Nc4 0-0 11. Qd2 Be6 12. Bh6 Bxc4 13. Bxg7 Kxg7 14. dxc4 Rad8 15. Qc3 f6 16. Rfd1 Rxd1+ 17. Rxd1 Rd8 18. Rd3 Nc8 19. b3 1/2-1/2